| 000 | 00778nam a2200229Ia 4500 | ||
|---|---|---|---|
| 999 |
_c30283 _d30283 |
||
| 003 | GCL | ||
| 005 | 20240530102151.0 | ||
| 008 | 140319s9999 xx 000 0 ara d | ||
| 040 |
_aGCL / _cGCL |
||
| 082 | 0 | 4 |
_a257.1 _bم ن |
| 100 | 1 | _aالمواردى, ابوالحسن على بن محمد | |
| 245 | 1 | 0 |
_aنصيحة الملوك / _cابو الحسن الماوردى ؛ اعداد فؤاد عبدالمنعم احمد |
| 260 |
_a[S.N] : _bمؤسسة شباب الجامعة ، _c1988 |
||
| 300 | _a479 ص | ||
| 650 | 0 | 4 | _aالاسلام |
| 650 | 0 | 4 | _aالخلافة |
| 650 | 0 | 4 | _aالاحكام السلطانية |
| 650 | 0 | 4 | _aالنظام السياسى |
| 650 | 0 | 4 | _aالامامة |
| 700 | 1 |
_aفؤاد عبدالمنعم احمد _eمعد |
|
| 942 |
_2ddc _cBK |
||